Probability, Random Variables, and Stochastic Processes / (Record no. 17097)

MARC details
000 -LEADER
fixed length control field 01258cam a2200337 i 4500
001 - CONTROL NUMBER
control field 12462042
003 - CONTROL NUMBER IDENTIFIER
control field EG-ScBUE
005 - DATE AND TIME OF LATEST TRANSACTION
control field 20241031090141.0
008 - FIXED-LENGTH DATA ELEMENTS--GENERAL INFORMATION
fixed length control field 010706s2002 maua f b 001 0 eng d
020 ## - INTERNATIONAL STANDARD BOOK NUMBER
International Standard Book Number 0071226613
020 ## - INTERNATIONAL STANDARD BOOK NUMBER
International Standard Book Number 9780071226615
040 ## - CATALOGING SOURCE
Original cataloging agency EG-ScBUE
Language of cataloging eng
Description conventions rda
Transcribing agency EG-ScBUE
Modifying agency EG-ScBUE
082 04 - DEWEY DECIMAL CLASSIFICATION NUMBER
Classification number 519.2
Edition number 22
Item number PAP
100 1# - MAIN ENTRY--PERSONAL NAME
Personal name Papoulis, Athanasios,
Dates associated with a name 1921-
Relator term author.
9 (RLIN) 31411
245 10 - TITLE STATEMENT
Title Probability, Random Variables, and Stochastic Processes /
Statement of responsibility, etc Athanasios Papoulis, University professor, Polytechnic University, S. Unnikrishna Pillai, professor of electrical and computer engineering, Polytechnic University..
250 ## - EDITION STATEMENT
Edition statement Fourth edition.
250 ## - EDITION STATEMENT
Edition statement International edition.
264 #1 - PUBLICATION, DISTRIBUTION, ETC. (IMPRINT)
Place of publication, distribution, etc Boston :
Name of publisher, distributor, etc McGraw-Hill,
Date of publication, distribution, etc 2002.
300 ## - PHYSICAL DESCRIPTION
Extent x, 852 pages :
Other physical details illustrations ;
Dimensions 25 cm
336 ## - CONTENT TYPE
Source rdacontent
Content type term text
Content type code txt
337 ## - MEDIA TYPE
Media type term unmediated
Source rdamedia
Media type code n
338 ## - CARRIER TYPE
Carrier type term volume
Carrier type code nc
Source rdacarrier
504 ## - BIBLIOGRAPHY, ETC. NOTE
Bibliography, etc Includes bibliographical references and index.
650 #0 - SUBJECT ADDED ENTRY--TOPICAL TERM
Topical term or geographic name as entry element Probabilities.
9 (RLIN) 31412
650 #7 - SUBJECT ADDED ENTRY--TOPICAL TERM
Topical term or geographic name as entry element Random variables.
Source of heading or term BUEsh
9 (RLIN) 18426
650 #7 - SUBJECT ADDED ENTRY--TOPICAL TERM
Topical term or geographic name as entry element Stochastic processes.
Source of heading or term BUEsh
9 (RLIN) 31413
653 ## - INDEX TERM--UNCONTROLLED
Arrived date list November2012
655 ## - INDEX TERM--GENRE/FORM
Form subdivision Reading book
700 1# - ADDED ENTRY--PERSONAL NAME
Personal name Pillai, S. Unnikrishna,
Dates associated with a name 1955-
Relator term author.
9 (RLIN) 31414
942 ## - ADDED ENTRY ELEMENTS (KOHA)
Source of classification or shelving scheme Dewey Decimal Classification
Koha item type Book - Borrowing
Holdings
Withdrawn status Lost status Source of classification or shelving scheme Damaged status Not for loan Collection code Home library Current library Shelving location Date acquired Source of acquisition Cost, normal purchase price Serial Enumeration / chronology Total Checkouts Total Renewals Full call number Barcode Date last seen Date checked out Price effective from Koha item type
    Dewey Decimal Classification     Baccah Central Library Central Library First floor 22/11/2012 Purchase 260.00 16429 1 24 519.2 PAP 000027823 15/07/2025 22/11/2012 22/11/2012 Book - Borrowing
    Dewey Decimal Classification     Baccah Central Library Central Library First floor 26/11/2012 Purchase 200.00 16429     519.2 PAP 000027842 15/07/2025   26/11/2012 Book - Borrowing